| 000 | 00792nam a22002057a 4500 | ||
|---|---|---|---|
| 999 |
_c1130 _d1130 |
||
| 003 | AR-CdUCM | ||
| 008 | 190226b ||||| |||| 00| 0 spa d | ||
| 040 |
_aMUNICIPALIDAD PROVINCIAL DEL CUSCO _cBIBLIOTECA MUNICIPAL DEL CUSCO |
||
| 082 |
_a808 / _bR63 |
||
| 100 |
_aRios, Jorge _94440 |
||
| 245 |
_aEl gran zoo : _bCuentos / |
||
| 260 |
_aCusco : _bEdiciones Wamanpuma, _c2000. |
||
| 300 |
_a147 páginas ; _c20 cm. |
||
| 505 | _aContenido: Angel Carrasco -- El huamaq´o blanquín -- El insecto -- Viriginia -- El vago -- El hombre del otro mundo -- Conversación con mi perro -- Una creación sentimental -- A la niña de ojos verdes ... | ||
| 650 |
_aLiteratura peruana _9169 |
||
| 650 |
_aCuentos _9217 |
||
| 650 |
_aLiteratura siglo XX _91173 |
||
| 942 |
_2ddc _cLIBROS |
||
| 945 | _azta | ||